[Event "Druzynowe Mistrzostwa Polski Seniorow - II Liga"]
[Site "Szczyrk, CKiR Orle Gniazdo ul. Wrzosowa 28a "]
[Date "1899-12-30"]
[Round "1.25"]
[White "Zielinski, Wojciech"]
[Black "Tokarski, Lukasz"]
[Result "1-0"]
[WhiteTitle "I++"]
[BlackTitle "FM"]
[WhiteElo "2203"]
[BlackElo "2214"]

1. e4 c5 2. Nf3 d6 3. d4 Nf6 4. Nc3 cxd4 5. Nxd4 a6 6. a4 g6 7. Be2 Bg7 8. O-O
b6 9. Bf3 e5 10. Nb3 Bb7 11. Qd3 O-O 12. Rd1 Nc6 13. Bg5 h6 14. Bxf6 Qxf6 15.
Qxd6 Qg5 16. Qd2 Nb4 17. Qxg5 hxg5 18. Rd6 Nxc2 19. Rc1 Nd4 20. Rxb6 Rab8 21.
Na5 Ba8 22. Nc4 Rbc8 23. Nd6 Rc7 24. Rxa6 g4 25. Bxg4 f5 26. exf5 gxf5 27. Bh5
Rd8 28. Rd1 Rcd7 29. Nxf5 Bb7 30. Rb6 Bf8 31. Ne3 Rg7 32. Rg6 Rdd7 33. Rxg7+ Rxg7
34. Be2 Bc5 35. Bc4+ Kf8 36. Bd5 Ba6 37. Kh1 Rd7 38. Ne4 Ba7 39. b4 Be2 40. Rc1
1-0

[Event "Druzynowe Mistrzostwa Polski Seniorow - II Liga"]
[Site "Szczyrk, CKiR Orle Gniazdo ul. Wrzosowa 28a "]
[Date "1899-12-30"]
[Round "1.26"]
[White "Gumula, Daniel"]
[Black "Bugalski, Michal"]
[Result "0-1"]
[WhiteTitle "FM"]
[BlackTitle "k"]
[WhiteElo "2272"]
[BlackElo "2183"]

1. c4 c6 2. Nf3 d5 3. e3 Nf6 4. b3 Bf5 5. Bb2 Nbd7 6. cxd5 cxd5 7. Be2 h6 8. O-O
e6 9. Nd4 Bh7 10. f4 a6 11. f5 e5 12. Ne6 fxe6 13. Bh5+ Ke7 14. Ba3+ Nc5 15. Bxc5+
Kd7 16. fxe6+ Kxe6 17. Bxf8 Rxf8 18. Nc3 d4 19. exd4 Qxd4+ 20. Kh1 Rad8 21. Bf3
Qxd2 22. Qxd2 Rxd2 23. Bxb7 Bd3 24. Rfd1 Rxd1+ 25. Rxd1 e4 26. Na4 Nd7 27. Nb2
Nc5 28. Nxd3 Nxd3 29. Kg1 Ke5 30. Rf1 Rxf1+ 31. Kxf1 a5 32. a3 Nc5 33. Bc8 Nxb3
34. Ke2 Kd4 35. h4 Nc1+ 36. Kd2 Na2 37. Bd7 Nc3 38. a4 e3+ 39. Ke1 Nd5 40. Bc6
Ne7 41. Bd7 Nd5 42. Bc6 Nc3 43. Bd7 Ke4 0-1

[Event "Druzynowe Mistrzostwa Polski Seniorow - II Liga"]
[Site "Szczyrk, CKiR Orle Gniazdo ul. Wrzosowa 28a "]
[Date "1899-12-30"]
[Round "1.27"]
[White "Zielinski, Stanislaw"]
[Black "Pinkas, Karol"]
[Result "1/2-1/2"]
[WhiteTitle "I++"]
[BlackTitle "IM"]
[WhiteElo "2162"]
[BlackElo "2268"]

1. e4 e5 2. Nf3 Nc6 3. Bc4 Nf6 4. d4 exd4 5. e5 d5 6. Bb5 Ne4 7. Nxd4 Bc5 8. O-O
O-O 9. Bxc6 bxc6 10. Be3 Qe8 11. Nd2 Bb6 12. Nxe4 dxe4 13. Qh5 f5 14. Qxe8 Rxe8
15. Rfd1 c5 16. Nb3 c4 17. Bxb6 axb6 18. Nd2 c3 19. bxc3 Rxe5 20. Nc4 Re8 21.
a4 Be6 22. Nb2 Ra5 23. c4 Kf7 24. Rd4 Rea8 25. Rad1 Re5 26. Re1 g5 27. f3 Kf6
28. fxe4 Rxe4 29. Rdxe4 fxe4 30. Rxe4 c5 31. Re3 Bf5 32. Rb3 Bxc2 33. Rxb6+ Ke5
34. Rb5 Kd4 35. a5 Kc3 36. Kf2 Bb3 37. Rxc5 Kxb2 38. Rxg5 Bxc4 39. Ke3 Kc3 40.
Rg7 Re8+ 41. Kf4 Rh8 42. g4 Kb4 43. Ra7 Kb5 44. h4 Bd3 45. g5 Be2 46. Ke5 Bh5
47. Kf6 Bg6 48. Kg7 Rc8 49. Kh6 Rc6 50. Kg7 Bc2 51. h5 Rc5 52. Kh6 Rc6+ 53. Kg7
Rc3 54. a6 Rc5 55. Kh6 Rc6+ 56. Kg7 Rc5 57. Kh6 Rc6+ 1/2-1/2

[Event "Druzynowe Mistrzostwa Polski Seniorow - II Liga"]
[Site "Szczyrk, CKiR Orle Gniazdo ul. Wrzosowa 28a "]
[Date "1899-12-30"]
[Round "1.28"]
[White "Lapaj, Mateusz"]
[Black "Grota, Mateusz"]
[Result "1-0"]
[WhiteTitle "k+"]
[BlackTitle "I"]
[WhiteElo "2107"]
[BlackElo "1915"]

1. d4 Nf6 2. Nc3 d6 3. e4 g6 4. f3 Bg7 5. Be3 O-O 6. Qd2 Nc6 7. O-O-O Re8 8. g4
a6 9. h4 b5 10. h5 b4 11. Nd5 e6 12. Nxb4 Nxb4 13. Qxb4 Bd7 14. hxg6 hxg6 15.
Qa5 Bb5 16. c4 Bc6 17. Bh6 d5 18. Bxg7 Kxg7 19. cxd5 exd5 20. e5 Nd7 21. f4 Nb6
22. Nf3 Nc4 23. Bxc4 dxc4 24. d5 Bb5 25. Ng5 Rh8 26. Rxh8 Qxh8 27. Qxc7 1-0

[Event "Druzynowe Mistrzostwa Polski Seniorow - II Liga"]
[Site "Szczyrk, CKiR Orle Gniazdo ul. Wrzosowa 28a "]
[Date "1899-12-30"]
[Round "1.29"]
[White "Zaleski, Lukasz"]
[Black "Siedlinski, Piotr"]
[Result "1/2-1/2"]
[WhiteTitle "I+"]
[BlackTitle "k"]
[WhiteElo "2006"]
[BlackElo "2022"]

1. e4 d5 2. exd5 Qxd5 3. Nc3 Qd8 4. d4 Nf6 5. Nf3 Bf5 6. Bc4 c6 7. Ne5 e6 8. Bg5
Nbd7 9. Qe2 Be7 10. O-O-O Nd5 11. Bd2 Qc7 12. Nxd7 Qxd7 13. Nxd5 exd5 14. Bd3
Bxd3 15. Qxd3 O-O-O 16. Bf4 Bd6 17. Bxd6 Qxd6 18. Qh3+ Qd7 19. Qxd7+ Kxd7 20.
Rhe1 Rhe8 21. f3 f6 22. Kd2 Kd6 23. c3 Kd7 24. Kd3 Kd6 25. Kd2 Kd7 26. Kd3 Kd6
27. Kd2 Kd7 28. Kd3 Kd6 1/2-1/2

[Event "Druzynowe Mistrzostwa Polski Seniorow - II Liga"]
[Site "Szczyrk, CKiR Orle Gniazdo ul. Wrzosowa 28a "]
[Date "1899-12-30"]
[Round "1.30"]
[White "Guzik, Jolanta"]
[Black "Jurkiewicz, Joanna"]
[Result "1-0"]
[WhiteTitle "WFM"]
[BlackTitle "I++"]
[WhiteElo "2040"]
[BlackElo "1772"]

1. b4 d5 2. Bb2 Nf6 3. Nf3 Bg4 4. e3 e6 5. b5 c5 6. Be2 Bd6 7. c4 O-O 8. O-O Nbd7
9. h3 Bh5 10. a4 dxc4 11. Na3 c3 12. Bxc3 Nd5 13. Bb2 Bxf3 14. Bxf3 Be5 15. d4
Bf6 16. e4 Nf4 17. e5 Be7 18. Bxb7 Rb8 19. Bf3 cxd4 20. Qxd4 Ng6 21. Nc4 Bc5 22.
Qe4 Qe7 23. Na5 Qg5 24. Nc6 Rb6 25. Rad1 Nb8 26. Nxa7 Qe7 27. a5 Qxa7 28. axb6
Qxb6 29. Be2 Ne7 30. Bd4 Nf5 31. Bxc5 Qxc5 32. Rc1 Qb6 33. Rfd1 h6 34. Qc4 Ng3
35. Bf3 Nf5 36. Qc5 Qa5 37. Ra1 1-0

[Event "Druzynowe Mistrzostwa Polski Seniorow - II Liga"]
[Site "Szczyrk, CKiR Orle Gniazdo ul. Wrzosowa 28a "]
[Date "1899-12-30"]
[Round "1.31"]
[White "Hnydiuk, Aleksander"]
[Black "Kaczmarek, Aleksander"]
[Result "0-1"]
[WhiteTitle "IM"]
[BlackTitle "k+"]
[WhiteElo "2375"]
[BlackElo "2289"]

1. e4 c6 2. d4 d5 3. Nc3 dxe4 4. Nxe4 Nd7 5. Ng5 Ngf6 6. Bd3 e6 7. N1f3 Bd6 8.
Qe2 h6 9. Ne4 Nxe4 10. Qxe4 Nf6 11. Qe2 b6 12. Bd2 Bb7 13. O-O-O Qc7 14. Ne5 O-O-O
15. f4 Rhf8 16. Kb1 Kb8 17. c4 Nd7 18. Bc3 f6 19. Ng6 Rfe8 20. Rhf1 c5 21. Bc2
cxd4 22. Rxd4 e5 23. fxe5 fxe5 24. Rdd1 Nf6 25. Nh4 Rc8 26. Nf5 Bf8 27. Rfe1 e4
28. h3 Qxc4 29. Qxc4 Rxc4 30. Nd6 Bxd6 31. Rxd6 e3 32. Bxf6 gxf6 33. Rxf6 Bxg2
34. Rxh6 Rd4 35. Rg6 Rd2 36. Rg3 Rc8 37. Bf5 Rf8 38. Be6 Be4+ 39. Ka1 e2 40. Rgg1
Bg2 41. Kb1 Rf1 42. Bb3 Rxg1 43. Rxg1 Bf1 44. Rg8+ Kc7 45. Re8 Rd1+ 0-1

[Event "Druzynowe Mistrzostwa Polski Seniorow - II Liga"]
[Site "Szczyrk, CKiR Orle Gniazdo ul. Wrzosowa 28a "]
[Date "1899-12-30"]
[Round "1.32"]
[White "Paprocki, Jaroslaw"]
[Black "Kalinin, Oleg"]
[Result "0-1"]
[WhiteTitle "k"]
[BlackTitle "IM"]
[WhiteElo "2216"]
[BlackElo "2339"]

1. d4 Nf6 2. Nf3 d6 3. Nc3 Bg4 4. h3 Bh5 5. e4 e6 6. Be2 c6 7. O-O Be7 8. d5 cxd5
9. exd5 e5 10. Nh4 Bg6 11. Nxg6 hxg6 12. Be3 Nbd7 13. a4 a6 14. f4 exf4 15. Rxf4
O-O 16. a5 Rc8 17. Rb4 Rc7 18. Bf3 Nc5 19. Na4 Nfd7 20. Bf4 Re8 21. Nxc5 Nxc5
22. Rb6 Nd7 23. Rb3 Ne5 24. Be2 Bg5 25. Bg3 Bh4 26. Kh2 Bxg3+ 27. Rxg3 Qh4 28.
c3 f5 29. Qa4 Qxa4 30. Rxa4 Kf7 31. Kg1 Nd7 32. Bf1 Re1 33. Rb4 Ra1 34. c4 Rxa5
35. Re3 Ra1 36. Kf2 f4 37. Rc3 Nc5 38. Bd3 g5 39. Bc2 a5 40. Rb6 Ke7 41. Rb5 Kf6
42. Kf3 Nd7 43. Ke2 b6 44. Bd1 Rc5 45. b4 Ra2+ 46. Kf3 axb4 47. Rxb4 Ne5+ 48.
Ke4 Rxg2 49. Rxb6 Nxc4 50. Rc6 Nd2+ 51. Kd4 Rxc3 52. Rxd6+ Kf5 53. Re6 Rc1 54.
Bh5 Nf3+ 0-1

[Event "Druzynowe Mistrzostwa Polski Seniorow - II Liga"]
[Site "Szczyrk, CKiR Orle Gniazdo ul. Wrzosowa 28a "]
[Date "1899-12-30"]
[Round "1.33"]
[White "Walach, Marcin"]
[Black "Sliwicki, Damian"]
[Result "1-0"]
[WhiteTitle "FM"]
[BlackTitle "k"]
[WhiteElo "2328"]
[BlackElo "2045"]

1. e4 c5 2. c3 d5 3. exd5 Qxd5 4. d4 Nf6 5. Nf3 e6 6. Be2 Nc6 7. O-O Be7 8. c4
Qd8 9. dxc5 Qxd1 10. Rxd1 Bxc5 11. Nc3 Bd7 12. a3 a6 13. b4 Ba7 14. Bf4 O-O 15.
Ra2 Rac8 16. Rad2 Rfd8 17. Ne5 Nd4 18. Rxd4 Bxd4 19. Rxd4 Be8 20. Rxd8 Rxd8 21.
Kf1 Nd7 22. Nxd7 Rxd7 23. c5 Rd4 24. Be3 Rd8 25. Ne4 Rd5 26. Nd6 Bc6 27. Bf3 Rd3
28. Bxc6 bxc6 29. a4 Rb3 30. Bd2 Rb2 31. Ke2 Kf8 32. Nc4 Ra2 33. Ne5 Rxa4 34.
Nxc6 Ke8 35. Na5 Kd8 36. Kd3 Ra2 37. Be3 Kc8 38. c6 f6 39. Bb6 Ra1 40. Nc4 Rd1+
41. Kc2 Rd5 42. Ba5 Rd4 43. Kc3 Rd1 44. Bb6 h5 45. h4 Rc1+ 46. Kd3 Rd1+ 47. Ke3
Rd5 48. Ba5 Rd1 49. g3 g6 50. Nd2 Rc1 51. c7 Rc6 52. Ne4 e5 53. Nc5 Rd6 54. f4
exf4+ 55. gxf4 Rc6 56. Kd4 Rd6+ 57. Ke4 g5 58. fxg5 fxg5 59. hxg5 h4 60. Kf3 h3
61. Kg3 Rg6 62. Ne4 Re6 63. Nf2 Re3+ 64. Kf4 Rc3 65. g6 Rc6 66. Kg5 Re6 67. Nxh3
Kd7 68. Nf4 Re1 69. g7 Rf1 70. c8=Q+ 1-0

[Event "Druzynowe Mistrzostwa Polski Seniorow - II Liga"]
[Site "Szczyrk, CKiR Orle Gniazdo ul. Wrzosowa 28a "]
[Date "1899-12-30"]
[Round "1.34"]
[White "Wisniewski, Przemyslaw"]
[Black "Osipow, Nikolaj"]
[Result "0-1"]
[WhiteTitle "k"]
[BlackTitle "k"]
[WhiteElo "2021"]
[BlackElo "2143"]

1. Nf3 Nf6 2. d4 d5 3. Bf4 e6 4. e3 c5 5. c3 Nc6 6. h3 Bd6 7. Bxd6 Qxd6 8. Be2
O-O 9. O-O e5 10. dxe5 Nxe5 11. Nxe5 Qxe5 12. Bd3 Re8 13. Nd2 Bd7 14. Nf3 Qh5
15. Nh2 Qh6 16. Qf3 Qh4 17. Rfd1 Re5 18. Qf4 Qxf4 19. exf4 Re7 20. Bf1 Ba4 21.
Re1 Rae8 22. Nf3 Ne4 23. Re3 f6 24. Rae1 Kf8 25. Bd3 g6 26. a3 Nd6 27. h4 Bd7
28. b4 c4 29. Bc2 Rxe3 30. Rxe3 Rxe3 31. fxe3 Bf5 32. Bxf5 Nxf5 33. Kf2 Nd6 34.
Nd2 h5 35. a4 Ke7 36. Kf3 f5 37. Ke2 Ke6 38. Kf3 Kf6 39. Ke2 Ke6 40. Kf3 Kd7 41.
Ke2 Ke6 42. Kd1 Ne4 43. Kc2 Nf2 44. Nf3 Nd3 45. Kd2 a5 46. bxa5 Nc5 47. Nd4+ Ke7
48. a6 Nxa6 49. Kc2 Nc5 50. a5 Nd3 51. Kd2 Kd7 52. Nb5 Nc5 53. Kc2 Nb3 54. a6
bxa6 55. Nd4 Nc5 56. Nf3 Nd3 57. g3 Ke7 58. Kb1 Nc5 59. Ne5 Kf6 60. Nc6 Ne4 61.
Kc2 Nxg3 62. Nb4 Ke6 63. Nxa6 Nf1 64. Nc7+ Kd6 65. Ne8+ Kd7 66. Nf6+ Ke6 67. Ne8
Nxe3+ 68. Kd2 Ng2 69. Ke2 0-1

[Event "Druzynowe Mistrzostwa Polski Seniorow - II Liga"]
[Site "Szczyrk, CKiR Orle Gniazdo ul. Wrzosowa 28a "]
[Date "1899-12-30"]
[Round "1.36"]
[White "Paprocka, Renata"]
[Black "Gonsior, Monika"]
[Result "1/2-1/2"]
[WhiteTitle "WFM"]
[BlackTitle "m"]
[WhiteElo "1985"]
[BlackElo "1992"]

1. d4 e6 2. c4 b6 3. Nf3 Bb7 4. g3 Bxf3 5. exf3 d5 6. cxd5 exd5 7. Bg2 Bd6 8. Nc3
Ne7 9. O-O c6 10. Re1 O-O 11. Ne2 Ng6 12. f4 Nd7 13. Be3 Rc8 14. a3 a5 15. Nc1
Ne7 16. Nd3 c5 17. Ne5 Nf6 18. Bh3 Rc7 19. f5 Nc6 20. Nxc6 Rxc6 21. Bg5 cxd4 22.
Qxd4 Rc2 23. b4 axb4 24. axb4 Rc4 25. Qd3 Bxb4 26. Red1 Bc5 27. Bxf6 Qxf6 28.
Qxd5 Rc2 29. Ra8 Bxf2+ 30. Kh1 Bc5 31. Bg2 Qb2 32. Qf3 Rf2 33. Qe4 Qf6 34. Rf1
Rxf1+ 35. Bxf1 h6 36. Rxf8+ Bxf8 37. Bc4 Qa1+ 38. Kg2 Qb2+ 39. Kh3 Qf6 40. Kg2
Be7 41. Qa8+ Bd8 42. Qd5 Kf8 43. Qd7 Qe7 44. Qd5 Qc7 45. Kf3 Qe7 1/2-1/2

[Event "Druzynowe Mistrzostwa Polski Seniorow - II Liga"]
[Site "Szczyrk, CKiR Orle Gniazdo ul. Wrzosowa 28a "]
[Date "1899-12-30"]
[Round "1.38"]
[White "Warszawski, Bartosz"]
[Black "Adamowicz, Katarzyna"]
[Result "0-1"]
[WhiteTitle "m"]
[BlackTitle "WFM"]
[WhiteElo "2282"]
[BlackElo "2163"]

1. e4 e5 2. Nf3 Nc6 3. Bb5 a6 4. Ba4 Nf6 5. d4 b5 6. Bb3 Nxe4 7. O-O d5 8. dxe5
Be6 9. Nbd2 Nc5 10. c3 Be7 11. Re1 O-O 12. Nd4 Qd7 13. Bc2 Bg4 14. f3 Bh5 15.
Bf5 Ne6 16. N2b3 Ncd8 17. Qc2 Bg6 18. Be3 a5 19. Nxe6 Nxe6 20. Bxg6 hxg6 21. Rad1
c5 22. Qf2 Qc6 23. f4 a4 24. Nc1 d4 25. Bd2 c4 26. Ne2 d3 27. Ng3 Bh4 28. a3 Nc7
29. Rf1 Nd5 30. Qf3 Bxg3 31. Qxg3 Ne7 32. Qf2 Qe6 33. Rde1 Rad8 34. h3 Qd5 35.
Be3 Nc6 36. Bc5 Rfe8 37. Bb6 Rd7 38. g4 g5 39. fxg5 Rxe5 40. Be3 Rde7 41. Bf4
Re2 42. Qg3 Rxb2 43. g6 fxg6 44. Bd6 Rxe1 45. Rxe1 Re2 46. Rf1 g5 47. Rf5 Qe4
0-1

[Event "Druzynowe Mistrzostwa Polski Seniorow - II Liga"]
[Site "Szczyrk, CKiR Orle Gniazdo ul. Wrzosowa 28a "]
[Date "1899-12-30"]
[Round "1.39"]
[White "Lach, Piotr"]
[Black "Kaim, Piotr"]
[Result "1/2-1/2"]
[WhiteTitle "k"]
[BlackTitle "k++"]
[WhiteElo "2105"]
[BlackElo "2216"]

1. e4 e6 2. d4 d5 3. Nd2 c5 4. exd5 exd5 5. Bb5+ Nc6 6. Ngf3 cxd4 7. Nxd4 Bd7 8.
N2f3 Bd6 9. O-O Nge7 10. Re1 O-O 11. Bd3 h6 12. h3 a6 13. c3 Re8 14. Bc2 Qc7 15.
Be3 Ng6 16. Bxg6 fxg6 17. Qd3 Re4 18. Nb3 Ne7 19. Nbd2 Re6 20. Bd4 Nf5 21. Rxe6
Bxe6 22. Re1 Qf7 23. Be5 Bc5 24. Nb3 Bb6 25. Nbd4 Nxd4 26. Bxd4 Bf5 27. Qd2 Bxd4
28. Nxd4 Bd7 29. Nc2 Bc6 30. Qd4 Re8 31. Rxe8+ Qxe8 32. Qe3 Qf7 33. Nd4 Bd7 34.
Qe5 Kh7 35. f3 Bc8 36. Kf2 g5 37. Kg1 Qf4 38. Qxd5 Qc1+ 39. Kh2 Qf4+ 40. Kg1 Qc1+
41. Kh2 Qf4+ 42. Kg1 1/2-1/2

[Event "Druzynowe Mistrzostwa Polski Seniorow - II Liga"]
[Site "Szczyrk, CKiR Orle Gniazdo ul. Wrzosowa 28a "]
[Date "1899-12-30"]
[Round "1.40"]
[White "Chalupnik, Marcin"]
[Black "Kudas, Damian"]
[Result "0-1"]
[WhiteTitle "k++"]
[BlackTitle "I++"]
[WhiteElo "2215"]
[BlackElo "2067"]

1. e4 c5 2. Nf3 d6 3. d4 cxd4 4. Nxd4 Nf6 5. Nc3 Nc6 6. Bc4 Qb6 7. Nb3 e6 8. Be3
Qc7 9. O-O Be7 10. f4 a6 11. Bd3 b5 12. Qf3 Bb7 13. g4 O-O 14. g5 Nd7 15. Qh3
Nb4 16. f5 exf5 17. exf5 Nxd3 18. cxd3 Rfe8 19. g6 Nf8 20. gxf7+ Kxf7 21. Bd4
Bf6 22. Bxf6 gxf6 23. Rf4 Re7 24. Nd4 Qc5 25. Rg4 Ke8 26. Kf1 Kd7 27. Rc1 Rae8
28. Nce2 Qd5 29. Qh6 Rxe2 30. Rg7+ R2e7 31. Qxf6 Qh1+ 32. Rg1 Qxh2 33. Rg7 Qf4+
0-1

[Event "Druzynowe Mistrzostwa Polski Seniorow - II Liga"]
[Site "Szczyrk, CKiR Orle Gniazdo ul. Wrzosowa 28a "]
[Date "1899-12-30"]
[Round "1.41"]
[White "Platek, Michal"]
[Black "Rams, Michal"]
[Result "0-1"]
[WhiteTitle "I"]
[BlackTitle "k+"]
[WhiteElo "1942"]
[BlackElo "2234"]

1. e4 g6 2. d4 Bg7 3. Nc3 d6 4. Be3 a6 5. a4 b6 6. Nf3 Nd7 7. Bc4 e6 8. Qd2 h6
9. d5 e5 10. Bd3 Ne7 11. Nh4 Nc5 12. Bxc5 bxc5 13. g3 O-O 14. O-O Qe8 15. Ng2
f5 16. f3 Kh7 17. Rfb1 a5 18. Nb5 Qd7 19. Bc4 h5 20. c3 f4 21. gxf4 Bh6 22. Qf2
Bxf4 23. Nxf4 Rxf4 24. Qg3 Bb7 25. Rf1 Raf8 26. Kh1 R8f6 27. Rad1 c6 28. dxc6
Bxc6 29. Qg5 Nc8 30. Bd5 Bxb5 31. axb5 Qxb5 32. b3 Nb6 33. c4 Qd7 34. Qg2 Kh6
35. Ra1 Nxd5 36. cxd5 Qb5 37. Rab1 Qd3 38. Ra1 Rxf3 0-1

[Event "Druzynowe Mistrzostwa Polski Seniorow - II Liga"]
[Site "Szczyrk, CKiR Orle Gniazdo ul. Wrzosowa 28a "]
[Date "1899-12-30"]
[Round "1.42"]
[White "Bednarska-bzdega, Malgorzata"]
[Black "Chrzaszcz, Malvina"]
[Result "0-1"]
[WhiteTitle "WFM"]
[BlackTitle "k+"]
[WhiteElo "2049"]
[BlackElo "2030"]

1. e4 c5 2. Nf3 d6 3. d4 cxd4 4. Nxd4 Nf6 5. Nc3 a6 6. Bc4 e6 7. O-O Be7 8. Bb3
Qc7 9. a4 Nc6 10. Nxc6 bxc6 11. a5 c5 12. Ba4+ Bd7 13. Qe2 O-O 14. Bf4 Bxa4 15.
Rxa4 Qc6 16. b3 Rfe8 17. Rd1 d5 18. e5 Nd7 19. Rd3 c4 20. Rh3 cxb3 21. Qh5 Nf8
22. cxb3 Rab8 23. Qd1 Rec8 24. Ra1 Rb4 25. Bd2 Rd4 26. Ne2 Re4 27. Rc3 Qb7 28.
Rxc8 Qxc8 29. Rc1 Qb7 30. f4 Ba3 31. Rc3 Bb4 32. Rg3 Qa7+ 33. Kf1 Ng6 34. Qc2
Ne7 35. Bxb4 Rxb4 36. Rc3 h6 37. Rc7 Rb7 38. Rxb7 Qxb7 39. Nd4 Qb4 40. Qd3 Qxa5
41. g3 Qa1+ 42. Kg2 Qb2+ 43. Kf3 a5 44. h3 Qh2 45. h4 Qg1 46. Qd2 Qf1+ 47. Ke3
Qg1+ 48. Kf3 Qh1+ 49. Ke3 g5 50. hxg5 hxg5 51. Kd3 Qe4+ 52. Kc3 gxf4 53. gxf4
Ng6 54. Ne2 Qb4+ 55. Kc2 Qa3 56. Nc3 Nh4 57. Qd4 Nf5 58. Qb6 d4 59. Na4 Qa2+ 60.
Kd3 Qb1+ 61. Kd2 Qa2+ 62. Kd3 Kg7 63. Nc5 Qb1+ 64. Kc4 Qc2+ 65. Kb5 d3 66. Qd8
d2 67. Qf6+ Kg8 68. Qg5+ Kh7 69. Nd7 Nd4+ 70. Kxa5 Qc7+ 71. Nb6 Qa7+ 0-1

[Event "Druzynowe Mistrzostwa Polski Seniorow - II Liga"]
[Site "Szczyrk, CKiR Orle Gniazdo ul. Wrzosowa 28a "]
[Date "1899-12-30"]
[Round "1.43"]
[White "Krysztofiak, Marcin"]
[Black "Skomial, Mateusz"]
[Result "1-0"]
[WhiteTitle "IM"]
[BlackTitle "I+"]
[WhiteElo "2437"]
[BlackElo "2019"]

1. Nf3 d5 2. g3 Nf6 3. Bg2 e6 4. O-O Bd6 5. c4 O-O 6. d4 c6 7. Nbd2 Nbd7 8. Qc2
Qe7 9. Rd1 Rd8 10. e4 dxe4 11. Nxe4 Bc7 12. b3 Nxe4 13. Qxe4 Nf8 14. Bb2 Ng6 15.
h4 h6 16. h5 Nf8 17. d5 f5 18. Qe2 Bd7 19. Nd4 cxd5 20. Bxd5 Qg5 21. Bxb7 Rab8
22. Bc6 e5 23. Bd5+ Kh8 24. Nf3 Qxh5 25. Bxe5 Re8 26. Qb2 Rxe5 27. Nxe5 f4 28.
gxf4 Bh3 29. Rd3 Re8 30. Bf7 Qf5 31. Bxe8 Qxf4 32. Re1 1-0

[Event "Druzynowe Mistrzostwa Polski Seniorow - II Liga"]
[Site "Szczyrk, CKiR Orle Gniazdo ul. Wrzosowa 28a "]
[Date "1899-12-30"]
[Round "1.44"]
[White "Kopczyk, Daniel"]
[Black "Borgula, Rafal"]
[Result "0-1"]
[WhiteTitle "k"]
[BlackTitle "FM"]
[WhiteElo "2178"]
[BlackElo "2271"]

1. g3 d5 2. Bg2 c6 3. Nf3 Nf6 4. O-O Bf5 5. b3 e6 6. Bb2 Be7 7. d3 O-O 8. Nbd2
Nbd7 9. Qe1 a5 10. e4 Bg6 11. h3 a4 12. Nh2 Qb6 13. Rb1 axb3 14. axb3 Ra2 15.
Kh1 Qc5 16. Qe2 Rfa8 17. e5 Ne8 18. Rfc1 Nc7 19. f4 Nb5 20. g4 Nc3 21. Bxc3 Qxc3
22. f5 exf5 23. e6 Qe5 24. Qxe5 Nxe5 25. d4 fxe6 26. dxe5 fxg4 27. Nxg4 Bxc2 28.
Nf3 Bxb1 29. Rxb1 Ra1 30. Rxa1 Rxa1+ 31. Kh2 c5 32. b4 cxb4 33. Nd4 Kf7 34. h4
h5 35. Ne3 Bc5 36. Nec2 Rc1 37. Bh3 Rxc2+ 38. Nxc2 b3 39. Na3 Bxa3 40. Bf1 Bb2
41. Kg3 Bxe5+ 42. Kf3 Bf6 0-1

[Event "Druzynowe Mistrzostwa Polski Seniorow - II Liga"]
[Site "Szczyrk, CKiR Orle Gniazdo ul. Wrzosowa 28a "]
[Date "1899-12-30"]
[Round "1.45"]
[White "Robak, Zbigniew"]
[Black "Cukrowski, Filip"]
[Result "0-1"]
[WhiteTitle "m"]
[BlackTitle "k"]
[WhiteElo "2211"]
[BlackElo "2170"]

1. e4 c5 2. Nf3 Nc6 3. d4 cxd4 4. Nxd4 Qb6 5. Nb3 Nf6 6. Nc3 e6 7. a3 d6 8. Be2
a6 9. O-O Be7 10. Be3 Qc7 11. f4 b5 12. Bf3 Bb7 13. Qe2 O-O 14. g4 Nd7 15. g5
Rfe8 16. Qf2 Rab8 17. Bg2 b4 18. axb4 Nxb4 19. Nd4 d5 20. e5 Nc6 21. Na4 Nxd4
22. Bxd4 Bc6 23. c3 Bb5 24. b4 a5 25. Rfb1 Qc6 26. Nb2 axb4 27. cxb4 Ra8 28. Qd2
Nb6 29. Rxa8 Rxa8 30. Rc1 Nc4 31. Nxc4 Bxc4 32. h4 Qb5 33. Bc3 Ra2 34. Qe1 Re2
35. Qg3 Qb6+ 36. Kh2 g6 37. Ra1 d4 38. Ra8+ Bf8 39. b5 Bd5 40. Bb4 Bxa8 0-1

[Event "Druzynowe Mistrzostwa Polski Seniorow - II Liga"]
[Site "Szczyrk, CKiR Orle Gniazdo ul. Wrzosowa 28a "]
[Date "1899-12-30"]
[Round "1.46"]
[White "Sycz, Michal"]
[Black "Konieczynski, Piotr"]
[Result "1/2-1/2"]
[WhiteTitle "I++"]
[BlackTitle "I"]
[WhiteElo "2024"]
[BlackElo "1965"]

1. d4 d5 2. Nf3 Nf6 3. c4 dxc4 4. Nc3 a6 5. a4 Nc6 6. e4 Bg4 7. Be3 Na5 8. Qc2
Bxf3 9. gxf3 e6 10. Rg1 c6 11. Rd1 Qc7 12. f4 g6 13. Be2 Bh6 14. Rg5 Bxg5 15.
fxg5 Nh5 16. Bxh5 gxh5 17. e5 O-O-O 18. Ne4 Rd5 19. Qc3 Rhd8 20. Qb4 Kb8 21. Ke2
Ka7 22. Nf6 Ka8 23. Nxd5 cxd5 24. Bd2 Nc6 25. Qc3 Qb6 26. Be3 Qb4 27. Qc2 Rd7
28. Rd2 Na5 29. Qxh7 Qxa4 30. g6 fxg6 31. Qg8+ Ka7 32. Qxe6 Qc6 33. Qg8 Re7 34.
Qd8 Rc7 35. Rd1 c3 36. bxc3 Nb3 37. Rd3 Rf7 38. Qg5 Na5 39. Bc1 Nc4 40. Rf3 Rxf3
41. Kxf3 Qe6 42. Ke2 a5 43. Qf6 Qg4+ 44. Qf3 Qe6 45. Qf6 Qg4+ 46. Qf3 1/2-1/2

[Event "Druzynowe Mistrzostwa Polski Seniorow - II Liga"]
[Site "Szczyrk, CKiR Orle Gniazdo ul. Wrzosowa 28a "]
[Date "1899-12-30"]
[Round "1.47"]
[White "Katafiasz, Tomasz"]
[Black "Wozniak, Maciej"]
[Result "0-1"]
[WhiteTitle "I"]
[BlackTitle "k"]
[WhiteElo "1890"]
[BlackElo "2148"]

1. d4 d5 2. c4 c6 3. Nf3 Nf6 4. Nc3 dxc4 5. a4 Bg4 6. Ne5 Bh5 7. Nxc4 e6 8. Qb3
Na6 9. Bf4 Nb4 10. f3 Be7 11. e4 O-O 12. Rd1 Bg6 13. Ne5 Qb6 14. Bc4 Rad8 15.
Be3 Nfd5 16. a5 Qxa5 17. exd5 Bc2 18. Qa3 Nd3+ 19. Bxd3 Bxa3 20. Ra1 Qb4 21. Rxa3
Qxb2 22. Nc4 Qb4 23. Bxc2 Qxc4 24. Kd2 cxd5 25. Bd3 Qb4 26. Ra2 Rc8 27. Rc1 b5
28. Bxb5 Rxc3 29. Rxc3 Qxb5 30. Bf4 Qf1 31. Ke3 f6 32. Rxa7 e5 33. Bg3 Qg1+ 34.
Bf2 exd4+ 35. Ke2 Re8+ 36. Kd3 Qd1# 0-1

[Event "Druzynowe Mistrzostwa Polski Seniorow - II Liga"]
[Site "Szczyrk, CKiR Orle Gniazdo ul. Wrzosowa 28a "]
[Date "1899-12-30"]
[Round "1.48"]
[White "Mucha, Magdalena"]
[Black "Weglarz, Joanna"]
[Result "1/2-1/2"]
[WhiteTitle "WCM"]
[BlackTitle "k"]
[WhiteElo "1976"]
[BlackElo "2004"]

1. e4 c5 2. Nf3 Nc6 3. d4 cxd4 4. Nxd4 Nf6 5. Nc3 e5 6. Ndb5 h6 7. Be2 a6 8. Nd6+
Bxd6 9. Qxd6 Qe7 10. Qxe7+ Kxe7 11. Be3 d6 12. O-O-O Be6 13. Kb1 Rhc8 14. Nd5+
Bxd5 15. exd5 Na5 16. f4 exf4 17. Bxf4 Nc4 18. Bf3 Nd7 19. Bg4 f6 20. b3 Nce5
21. Bxe5 fxe5 22. c4 Rf8 23. Rhe1 Rf4 24. h3 Raf8 25. Rd2 g6 26. Kc2 h5 27. Bxd7
Kxd7 28. Ree2 Rf1 29. Kd3 R8f4 30. Re4 R4f2 31. Ree2 Rf4 32. Re4 R4f2 33. Ree2
Rf4 34. Re4 1/2-1/2

[Event "Druzynowe Mistrzostwa Polski Seniorow - II Liga"]
[Site "Szczyrk, CKiR Orle Gniazdo ul. Wrzosowa 28a "]
[Date "1899-12-30"]
[Round "1.49"]
[White "Betkowski, Andrzej"]
[Black "Wandzik, Wojciech"]
[Result "0-1"]
[WhiteTitle "k"]
[BlackTitle "m"]
[WhiteElo "2063"]
[BlackElo "2314"]

1. d4 Nf6 2. Bg5 e6 3. e4 h6 4. Bxf6 Qxf6 5. Nc3 Bb4 6. Qd2 d6 7. f4 e5 8. Nge2
Nc6 9. fxe5 dxe5 10. d5 Ne7 11. Ng3 Bd7 12. Bc4 Nc8 13. a3 Ba5 14. Rf1 Qh4 15.
d6 Nxd6 16. Bd5 O-O-O 17. O-O-O Bg4 18. b4 Bb6 19. Nce2 Nc4 20. Qc3 Qg5+ 21. Kb1
Ne3 22. a4 Nxd1 23. Rxd1 c6 24. Re1 Qe3 25. Bxf7 Qxc3 26. Nxc3 Rhf8 27. Bc4 Rd4
28. Bb3 Rxb4 29. Nf5 Ba5 30. Re3 Bxf5 31. exf5 Rxb3+ 32. cxb3 Bxc3 33. Rxc3 Rxf5
0-1